1626 1349 1806 1500 1947 1278 1284 1320 1736 1957 1516 1199 1931 1511 1838 1450 1668 1344 1658 1480 1670 1901 1034 1087 1836 1331 1405 1009 1998 1001 1801 1298 1251 1942 1486 1512 1181 1110 1634 1987 1241 1821 1847 1982 1351 1680 1435 1621 1620 1594 1986 1262 1518 1383 1570 1621 1687 1458 1272 1377 1423 1776 1034 1543 1959 1760 1242 1110 1394 1913 1863 1775 1976 1082 1673 1871 1517 1954 1041 1205 1633 1946 1987 1636 1549 1343 1082 1961 1352 1305 1503 1120 1822 1571 1571 1864 1741 1079 1865 BCNSPRNW ULIB Ver.6.0+V

เปลี่ยนเป็นภาษาไทย

Change to English
 แสดงรายละเอียดบรรณานุกรม
  กลับหน้าหลัก

Brief Record : Get Marc (ISO 2709) : E-mail record : QR code < ปิดหน้าต่าง
LEADER : 00000nam 2200000uu 4500
001    13399121319
003     ULIB
008    121115s2547||||th 000 0 tha d
099    วจ.WY18^bว111ป
100 0  วัจมัย สุขวนวัฒน์
245 00 ปัจจัยที่สัมพันธ์กับผลการสอบความรู้ผู้ขอขึ้นทะเบียนเพื่อรับใบอนุญาตเป็นผู้ประกอบวิชาชีพการพยาบาลและผดุงครรภ์ ชั้นหนึ่ง วิชาการผดุงครรภ์และวิชาการพยาบาลมารดา-ทารก ของผู้เร็จการศึกษา จากวิทยาลัยพยาบาลราชชนนี สุราษฎร์ธานี/^cวัจมัย สุขวนวัฒน์ และดวงหทัย ศรีสุจริต
260    สุราษฎรธานี :^bวิทยาลัยพยาบาลบรมราชชนนี สุราษฎรธานี,^c2547
300    112 แผ่น
650  7 การสอบความรู้^xใบอนุญาตเป็นผู้ประกอบวิชาชีพการพยาบาลและผดุงครรภ์
650  7 วิทยาลัยพยาบาลบรมราชชนนี สุราษฎรธานี
700 0  ดวงหทัย ศรีสุจริต
945    ^p0^l0^i033083
999    ^aใช้งานได้ทุกระบบ
รายการนี้ยังไม่มีแท็ก
คุณยังไม่ได้ล็อกอิน คุณสามารถมีกิจกรรมร่วมกับเว็บไซต์ได้ แต่ต้องล็อกอินก่อน ::
  ล็อกอิน

รายการสื่อสารสนเทศ

ลำดับที่ ประเภท เลขเรียก/บาร์โค้ด สถานที่ สถานะ
1. งานวิจัย
งานวิจัย
วจ.WY18 ว111ป  
  Barcode: 033083
ห้องสมุดวิทยาเขตสวรรค์ประชารักษ์
►วิจัย
บนชั้น

BibComment


ยังไม่เคยถูกคอมเมนท์

คอมเมนท์ทรัพยากรรายการนี้
  คอมเมนท์: ปัจจัยที่สัมพันธ์..


 Copyright 2026. Bcnsprnw @Library